000 00435nam a2200169Ia 4500
003 GCL
008 140319s9999 xx 000 0 eng d
040 _aGCL /
_cGCL
082 0 4 _a547.6
_bS F
100 1 _aNADINTER, ROBERT
245 1 0 _aFOOD TAINTS AND OF - FLAVOURS /
_cNADINTER, ROBERT
260 _a[S.N] :
_bABT AKVERT SKIRA S.A ،
_c1993
300 _a260 P
650 0 4 _aFOOD
650 0 4 _aFOOD PRODUCTION
942 _2ddc
_cBK
999 _c19489
_d19489